Psychological testing: (Record no. 158174)

MARC details
000 -LEADER
fixed length control field 00723nam a22002177a 4500
005 - DATE AND TIME OF LATEST TRANSACTION
control field 20181018162300.0
010 ## - LCCN (DPL NO)
LC control number ENG-124330
020 ## - INTERNATIONAL STANDARD BOOK NUMBER
International Standard Book Number 9789353065799
Terms of availability 499.00
035 ## - SYSTEM CONTROL NUMBER
System control number EN-107862
037 ## - SOURCE OF ACQUISITION
Source of stock number/acquisition DBAD/PUB
082 ## - DEWEY DECIMAL CLASSIFICATION NUMBER
Classification number 150.287
100 ## - MAIN ENTRY--PERSONAL NAME
Personal name Murphy, Kevin R.
245 ## - TITLE STATEMENT
Title Psychological testing:
Statement of responsibility, etc by Kevin R. Murphy [and] Charles O. Davidshofer
Remainder of title principles and applications /
250 ## - EDITION STATEMENT
Edition statement 6th ed.
260 ## - PUBLICATION, DISTRIBUTION, ETC. (IMPRINT)
Place of publication, distribution, etc Noida
Name of publisher, distributor, etc Pearson
Date of publication, distribution, etc 2019
270 ## - ADDRESS
Address 15th Floor, Tower B, Worls Trade Tower, Plot No.1, Block -C
City Noida (UP)
Postal code 201301
300 ## - PHYSICAL DESCRIPTION
Extent 486p.
Dimensions 25cm.(pbk)
Other physical details ill.
500 ## - GENERAL NOTE
General note It includes references and index
700 ## - ADDED ENTRY--PERSONAL NAME
Personal name Davidshofer, Charles O.
942 ## - ADDED ENTRY ELEMENTS (KOHA)
Source of classification or shelving scheme Dewey Decimal Classification
Item type English Books
Classification part 150.28
Call number suffix MUR
Holdings
Withdrawn status Lost status Not for loan Collection code Home library Current library Date acquired Source of acquisition Cost, normal purchase price Full call number Barcode Copy number Cost, replacement price Koha item type
    Not For Loan Non-fiction D.B.Act.Division Bawana 18/10/2018 DBAD/PUB 499.00 150.28 MUR EN-107862 1 499.00 English Books

© Delhi Public Library
Hit Counter
free hit counter